000 00845nam a22002777a 4500
001 BR7902010
003 BR-BrBNA
005 20230928085954.0
007 ta
008 230509b bl.||||| |||| 00| 0 por d
040 _aBR-BrBNA
_bpor
_cBiblioteca Nacional de Agricultura
041 _a(Por)
072 _aF40; F60
_b1540
090 _ 1540 BR7902010
100 1 _aVilela, E. de A.
110 1 _aEscola Superior de Agricultura de Lavras, MG (Brasil)
245 1 _aO clima na cultura da mandioca [Maihot esculenta, fisiologia vegetal]
_bCurso de Capacitacao de Tecnicos para a Cultura da Mandioca - v. 9
260 3 _aLavras, MG (Brasil):
_c1978.
300 _a27 p.
500 _a12 illus.; 21 ref.
650 _aECOLOGIA VEGETAL
650 _aMANDIOCA
650 _aCLIMA
909 _a202309
_bLucia
_c55
_dLucia Elande
942 _cBK
999 _c27251
_d27251